000 00272nam a2200109Ia 4500
008 190216s9999||||xx |||||||||||||| ||und||
100 _aSamuel&Amp;David
245 0 _aElements Of Physical Chemistry
260 _bMac Millian And Com. Ltd
650 _aChemistry
942 _cBK
999 _c1943
_d1943